ARRUPE JESUIT UNIVERSITY

CORONAVIRUS -STOP THE SPREAD - CLEAN,DISINFECT,COVER

Scripture : (Record no. 124310)

MARC details
000 -LEADER
fixed length control field 01094cam a22003614a 4500
001 - CONTROL NUMBER
control field 7550452
003 - CONTROL NUMBER IDENTIFIER
control field ARRUPE
005 - DATE AND TIME OF LATEST TRANSACTION
control field 20160303145534.0
008 - FIXED-LENGTH DATA ELEMENTS--GENERAL INFORMATION
fixed length control field 091201s2009 enk b 001 0 eng
010 ## - LIBRARY OF CONGRESS CONTROL NUMBER
LC control number 2009504071
020 ## - INTERNATIONAL STANDARD BOOK NUMBER
International Standard Book Number 9780567034236 (hbk.)
020 ## - INTERNATIONAL STANDARD BOOK NUMBER
International Standard Book Number 0567034232 (hbk.)
020 ## - INTERNATIONAL STANDARD BOOK NUMBER
International Standard Book Number 9780567034243 (pbk.)
020 ## - INTERNATIONAL STANDARD BOOK NUMBER
International Standard Book Number 0567034240 (pbk.)
024 ## - OTHER STANDARD IDENTIFIER
Standard number or code 40017426439
035 ## - SYSTEM CONTROL NUMBER
System control number (OCoLC)310401986
035 ## - SYSTEM CONTROL NUMBER
System control number (OCoLC)ocn310401986
035 ## - SYSTEM CONTROL NUMBER
System control number (NNC)7550452
040 ## - CATALOGING SOURCE
Original cataloging agency UKM
Transcribing agency UKM
Modifying agency DLC
-- BTCTA
-- YDXCP
-- C#P
042 ## - AUTHENTICATION CODE
Authentication code ukblcatcopy
-- lccopycat
050 00 - LIBRARY OF CONGRESS CALL NUMBER
Classification number BS476
Item number .P26 2009
082 04 - DEWEY DECIMAL CLASSIFICATION NUMBER
Classification number 220.601
Edition number 22
300 ## - PHYSICAL DESCRIPTION
Dimensions 24 cm.
100 1# - MAIN ENTRY--PERSONAL NAME
Personal name Paddison, Angus,
Dates associated with a name 1979-
9 (RLIN) 22734
245 10 - TITLE STATEMENT
Title Scripture :
Remainder of title a very theological proposal /
Statement of responsibility, etc Angus Paddison.
260 ## - PUBLICATION, DISTRIBUTION, ETC. (IMPRINT)
Place of publication, distribution, etc London ;
-- New York :
Name of publisher, distributor, etc T & T Clark,
Date of publication, distribution, etc 2009.
300 ## - PHYSICAL DESCRIPTION
Extent 170 p. ;
504 ## - BIBLIOGRAPHY, ETC. NOTE
Bibliography, etc Includes bibliographical references and index.
600 00 - SUBJECT ADDED ENTRY--PERSONAL NAME
Personal name Jesus Christ
General subdivision History of doctrines.
9 (RLIN) 7447
630 00 - SUBJECT ADDED ENTRY--UNIFORM TITLE
Uniform title Bible
General subdivision Hermeneutics.
9 (RLIN) 22735
942 ## - ADDED ENTRY ELEMENTS (KOHA)
Source of classification or shelving scheme Library of Congress Classification
Koha item type Monograph ( Printed materials)
948 1# - LOCAL PROCESSING INFORMATION (OCLC); SERIES PART DESIGNATOR (RLIN)
Series part designator, SPT (RLIN) 20100128
b (OCLC) c
c (OCLC) rad1
d (OCLC) MPS
Holdings
Withdrawn status Lost status Source of classification or shelving scheme Damaged status Not for loan Collection code Home library Current library Shelving location Date acquired Total Checkouts Full call number Barcode Date last seen Price effective from Koha item type
    Library of Congress Classification     Main Collection ARRUPE LIBRARY ARRUPE LIBRARY Main Collection 03/03/2016   BS476 .P26 2009 46500006301 03/03/2016 03/03/2016 Monograph ( Printed materials)

 

Arrupe Library. PO Box MP320 Mt Pleasant, Harare, Zimbabwe
263 242 745411|librarian@aju.ac.zw